000 01197nam a2200301 a 4500
001 70227
003 BD-RjUL
005 20211209081957.0
008 170416s1966 enk b 001 0 eng d
035 _a(BD-RjUL)70441
040 _aDLC
_cMMeT
_dBD-RjUL
_beng
041 1 _aeng
_hrus
082 _a515
_223
_bGUE 1966
100 1 _aGuter, Rafail Samoĭlovich.
_9207978
245 1 0 _aElements of the theory of functions /
_cR.S. Guter, L.D. Kudryavtsev [and] B.M. Levitan. Translated by H.F. Cleaves. Translation edited by I.N. Sneddon.
250 _a[1st English ed.]
260 _aOxford;
_aNew York:
_bPergamon Press,
_c1966
300 _axii, 219 p. ;
_c23 cm.
504 _aIncludes bibliography and index
650 0 _aFunctions.
_9207980
700 1 _aKudri︠a︡vt︠s︡ev, L. D.
_q(Lev Dmitrievich)
_ejoint author.
_9207981
700 1 _aLevitan, Boris Moiseevich,
_ejoint author.
_9207982
700 1 _a Cleaves, H. F.
_9207983
700 1 _aSneddon, I. N.
_9164837
830 _aInternational series of monographs in pure and applied mathematics;
_vv. 90
_9207997
942 _2ddc
_cBK
999 _c70227
_d70227